[Event "EICC 2017"]
[Site "Minsk"]
[Date "2017.06.10"]
[Round "11"]
[White "Neiksans, Arturs"]
[Black "Neverov, Valeriy"]
[Result "1-0"]
[WhiteElo "2599"]
[BlackElo "2472"]
[Annotator "TA"]
[PlyCount "127"]
[EventDate "2017.??.??"]
[EventCountry "BLR"]
[SourceTitle "playchess.com"]
[Source "ChessBase"]
[SourceQuality "1"]

{[%evp 18,127,41,35,36,37,30,32,27,38,36,33,47,38,62,31,29,10,20,18,15,30,72,68,81,73,77,71,68,70,68,70,98,91,89,93,94,87,91,89,80,76,80,89,102,96,120,0,107,112,110,109,121,121,188,181,179,181,189,189,169,121,227,93,96,63,63,63,63,63,63,63,63,63,63,63,63,63,63,70,70,65,68,64,64,68,68,65,70,70,70,63,63,63,77,77,127,127,147,147,519,517,527,519,29980,29981,29981,29981,29981,29982,29983,29984]} 1. Nf3 Nf6 2. c4 g6 3. d4 Bg7 4. g3 O-O 5. Bg2 d6 6. O-O c6 7. Nc3 Bf5 8. Nh4 Bd7 9. e4 e5 10. Nf3 {LiveBook: 10 Games. E62: King's Indian: Fianchetto: 6...c6 and Panno Variation (6...Nc6) without ...a6} Re8 11. Re1 (11. h3 Na6 12. Re1 Qa5 13. Bd2 Qd8 14. Be3 Qc8 15. Kh2 c5 16. dxe5 dxe5 17. a3 b6 {½-½ (48) Hautot,S (2405)-Dgebuadze,A (2522) Antwerp 2011}) 11... Na6 $146 ({Predecessor:} 11... Qc8 12. dxe5 dxe5 13. b3 Bh3 14. Ba3 Bxg2 15. Kxg2 Nbd7 16. Bd6 Nh5 17. Qd2 Nf8 {½-½ (51) Trailovic,A (2121)-Srdic,D (2132) Belgrade 2016}) 12. Rb1 {White has an edge.} b5 13. cxb5 cxb5 14. Bg5 h6 15. Bxf6 Bxf6 16. dxe5 dxe5 17. Qd6 Nc7 18. Rbd1 Be6 19. Qc5 $36 {[%mdl 2048] White is pushing.} Qb8 20. Nd5 ({Stronger than} 20. Nxe5 Bxe5 21. Qxe5 b4 $17) 20... Nxd5 21. exd5 Bg4 22. h3 Bxf3 23. Bxf3 Qb6 24. b4 Rec8 25. Qxb6 axb6 26. d6 Rxa2 27. d7 Rd8 28. Bc6 Rb2 29. Re4 ({Reject} 29. Bxb5 Rxb4 30. Rb1 Rxb1 $11) 29... Kg7 30. Bxb5 Ra8 31. Bc6 Raa2 32. Bd5 (32. Rxe5 $16 Rxf2 33. d8=Q $1 {[%mdl 512]} Bxd8 34. Rxd8) 32... Rd2 (32... Ra7 $1 $11 {keeps the balance.}) 33. Rxd2 $16 Rxd2 {[#]} 34. Rxe5 $1 {[%mdl 4608] Endgame KRB-KRB} Rd1+ (34... Bxe5 35. d8=Q) 35. Kg2 b5 (35... Bd8 $16 36. Bc6 Rd6) 36. Kf3 $18 Rd4 37. Ke3 $1 {[%cal Re3d4]} Rd1 {And now ...Re1+ would win.} 38. Ke2 Rd4 39. g4 Kh7 (39... Bd8 $16 {was worth a try.} 40. f4 Kf6) 40. h4 (40. Ke3 $18 {and White stays clearly on top.} Rd1 41. f4) 40... Rxg4 $16 41. Re8 Bxh4 42. d8=Q Bxd8 43. Rxd8 $14 {Threatens to win with Rd7. KRB-KR} f5 44. Rd7+ Kh8 45. Rb7 Rxb4 46. Bf7 g5 47. Bg6 Re4+ $1 48. Kf3 Re5 49. Rf7 Kg8 $1 50. Kg2 Rc5 51. Rb7 Re5 52. Kg3 Kf8 53. Bh5 Kg8 54. Bd1 Kh8 55. Kg2 Rc5 56. Be2 Re5 57. Bxb5 h5 {[#]} 58. Bd3 $1 h4 $2 {[%mdl 8192] [#]} (58... Kg8 $16 59. Bc4+ Kh8) 59. Rf7 $1 $18 g4 60. Rxf5 Rxf5 (60... h3+ $18 61. Kg3 Re1 62. Kxg4 Kg8 63. Kxh3 Kg7) 61. Bxf5 {White mates.} g3 62. f4 Kg7 63. Kh3 Kf6 64. Be4 {Precision: White = 78%, Black = 47%.} 1-0

[Event "EICC 2017"]
[Site "Minsk"]
[Date "2017.06.10"]
[Round "11"]
[White "Bok, Benjamin"]
[Black "Khismatullin, Denis"]
[Result "1-0"]
[WhiteElo "2598"]
[BlackElo "2651"]
[Annotator "TA"]
[PlyCount "119"]
[EventDate "2017.??.??"]
[EventCountry "BLR"]
[SourceTitle "playchess.com"]
[Source "ChessBase"]
[SourceQuality "1"]

{[%evp 29,119,17,17,8,13,22,68,63,83,95,116,120,120,111,119,117,118,116,99,81,100,98,70,74,129,127,122,112,104,112,110,106,105,108,106,113,112,110,112,104,101,102,102,102,110,102,127,130,177,185,177,168,212,212,228,217,217,235,245,245,246,252,252,258,265,268,248,223,215,228,231,226,293,289,316,324,323,276,354,339,904,933,960,805,948,1227,1382,1187,1105,954,920,888]} 1. Nf3 c5 2. e4 d6 3. d4 cxd4 4. Nxd4 Nf6 5. Nc3 a6 6. Be3 e5 7. Nf3 Be7 8. Bc4 O-O 9. O-O Qc7 10. Bb3 Be6 11. Nh4 {B90: Sicilian Najdorf: Unusual White 6th moves, 6 Be3 Ng4 and 6 Be3 e5} g6 12. Bh6 Re8 13. Qd2 Ng4 (13... Nbd7 14. Nf5 Bxb3 15. axb3 Nc5 16. Rae1 Ne6 17. Ne3 Rac8 18. h3 Bf8 19. Bxf8 Rxf8 {1-0 (46) Giri,A (2755)-Anand,V (2776) Moscow 2016}) 14. Bg5 Bxg5 15. Qxg5 Qd8 {LiveBook: 3 Games} 16. Nf3 {[#] Threatens to win with Bxe6.} Qxg5 17. Nxg5 Bxb3 18. axb3 h6 $146 ({Predecessor:} 18... Rd8) 19. Nf3 {Hoping for Nd5.} Nd7 20. Rfd1 Re6 21. Nd2 Nb6 22. Nd5 Nxd5 23. exd5 Re7 24. Ne4 f5 25. Nxd6 Rd8 26. Nc4 Nf6 (26... e4 $142) 27. Nb6 Rc7 28. Rac1 Rd6 29. Nc4 Rxd5 30. Rxd5 Nxd5 31. Nxe5 $16 {[%mdl 4096] Endgame KRN-KRN} Nf4 32. Kf1 Kg7 33. g3 Ne6 34. b4 Kf6 35. Nd3 g5 36. c3 h5 37. Re1 Rh7 38. Re5 h4 {[#]} 39. Rd5 $1 hxg3 40. hxg3 Rh1+ 41. Ke2 f4 42. Rd6 {And now Nc5 would win.} fxg3 43. fxg3 Rh2+ 44. Kf3 Ke7 45. Rb6 Nd8 46. Kg4 Kd7 47. Rf6 ({Don't take} 47. Kxg5 $6 Nf7+ 48. Kf4 Nd6 $16) 47... Rd2 48. Nc5+ Kc7 49. b3 Rc2 50. Rf3 ({Resist} 50. Kxg5 $6 Rxc3 51. g4 b6 $16) 50... Ra2 51. Kxg5 b6 52. Ne4 Rb2 53. Kf6 Rxb3 54. g4 {[%cal Bg3g4,Bg4g5][%mdl 32]} a5 $2 (54... Rb1 55. g5 Re1) 55. g5 $18 {White is clearly winning.} Rb1 56. g6 {aiming for g7.} Rg1 57. g7 Ne6 58. Kxe6 {Threatening mate with Rg3.} ({Worse is} 58. Rg3 Rxg3 59. Nxg3 Nxg7 $11) 58... Rxg7 59. bxa5 bxa5 60. Kd5 {Precision: White = 97%, Black = 55%.} 1-0

[Event "EICC 2017"]
[Site "Minsk"]
[Date "2017.06.10"]
[Round "11"]
[White "Fedorov, Alexei"]
[Black "Grinberg, Eyal"]
[Result "1/2-1/2"]
[WhiteElo "2598"]
[BlackElo "2457"]
[Annotator "TA"]
[PlyCount "80"]
[EventDate "2017.??.??"]
[EventCountry "BLR"]
[SourceTitle "playchess.com"]
[Source "ChessBase"]
[SourceQuality "1"]

{[%evp 19,80,12,2,-15,7,-10,10,-34,0,-27,11,5,7,0,70,70,70,68,54,55,70,69,89,21,9,0,0,0,0,0,28,0,0,4,42,42,50,42,62,40,66,68,66,43,41,22,54,45,61,56,54,0,14,0,25,25,25,25,21,20,20,8,23]} 1. e4 c5 2. Nc3 d6 3. Nge2 Nf6 4. g3 g6 5. d4 cxd4 6. Nxd4 Bg7 7. Bg2 O-O 8. O-O Nc6 9. Nde2 {[%cal Bd4e2,Be2f4,Bf4d5][%mdl 32]} Be6 10. h3 Bc4 {LiveBook: 3 Games. B70: Sicilian Dragon: 6 g3 and 6 Be2 (without a later Be3)} (10... Rc8 11. Kh2 Bc4 12. Rb1 e6 13. b3 Ba6 14. Re1 Qa5 15. Bd2 Rfd8 16. Kg1 Qc7 17. Rc1 b5 18. a3 b4 19. axb4 Nxb4 {0-1 (64) Filippov,A (2620)-Nguyen,N (2628) Guangzhou 2010}) 11. a4 Rc8 12. Re1 Nb4 $146 ({Predecessor:} 12... a5 13. Be3 Nd7 14. Rc1 Nc5 15. b3 Ba6 16. Nd5 b5 17. axb5 Bxb5 18. Nd4 Nxd4 19. Bxd4 Bxd4 20. Qxd4 {1-0 (63) Masyagutova,L (2026)-Halyavskiy,N (2300) Serpukhov 2004}) 13. Nf4 Nd7 14. Ra3 (14. Nfd5 $5 {[%cal Rd5b4]} Nc6 15. Nb5 $11) 14... Ne5 15. Nfd5 Nec6 16. b3 Ba6 (16... Bxd5 $1 $11 17. Nxd5 e6 18. Nxb4 Nxb4) 17. Nb5 $14 e6 18. Nxb4 Nxb4 19. c4 Bxb5 20. axb5 a6 21. bxa6 (21. Ra4 $16 a5 22. Qd2) 21... bxa6 $11 22. Be3 Qc7 23. Qd2 Rb8 24. Rd1 Rfd8 25. Bg5 Rd7 26. Bf4 {[%cal Rf4d6]} e5 27. Be3 a5 28. h4 $36 {[%cal Bh3h4,Bh4h5][%mdl 2080] White has good play.} Nc6 29. h5 Nd4 30. Rb1 Nc6 31. Bg5 Qb6 32. Ra4 Bf8 33. Qd5 (33. Be3 $5 {[%cal Re3b6]} Qd8 34. hxg6 $14) 33... Ra7 34. Be3 Nd4 35. Bd2 (35. Bf1 $14) 35... Qc6 (35... Qc7 {is interesting.} 36. Rxa5 Rxa5 37. Qxa5 Qxa5 38. Bxa5 Rxb3 39. Rxb3 Nxb3 40. Bb4 Nc5) 36. Rxa5 Qxd5 37. cxd5 Rxa5 38. Bxa5 Rxb3 39. Rxb3 Nxb3 40. Bb4 Nd4 {Precision: White = 37%, Black = 40%.} 1/2-1/2

[Event "EICC 2017"]
[Site "Minsk"]
[Date "2017.06.10"]
[Round "11"]
[White "Fedorov, Alexei"]
[Black "Grinberg, Eyal"]
[Result "*"]
[WhiteElo "2598"]
[BlackElo "2457"]
[Annotator "TA"]
[PlyCount "38"]
[EventDate "2017.??.??"]
[EventCountry "BLR"]
[SourceTitle "playchess.com"]
[Source "ChessBase"]
[SourceQuality "1"]

{[%evp 18,19,29,11]} 1. e4 c5 2. Nc3 d6 3. Nge2 Nf6 4. g3 g6 5. d4 cxd4 6. Nxd4 Bg7 7. Bg2 O-O 8. O-O Nc6 9. Nde2 Be6 10. h3 {LiveBook: 24 Games} {Predecessor:} Rc8 $146 11. Kh2 Bc4 12. Rb1 e6 13. b3 Ba6 14. Re1 Qa5 15. Bd2 Rfd8 16. Kg1 Qc7 17. Rc1 b5 18. a3 b4 19. axb4 Nxb4 {0-1 (64) Filippov,A (2620)-Nguyen,N (2628) Guangzhou 2010} *

[Event "EICC 2017"]
[Site "Minsk"]
[Date "2017.06.10"]
[Round "11"]
[White "Kulaots, Kaido"]
[Black "Repka, Christopher"]
[Result "1-0"]
[WhiteElo "2597"]
[BlackElo "2452"]
[Annotator "TA"]
[PlyCount "75"]
[EventDate "2017.??.??"]
[EventCountry "BLR"]
[SourceTitle "playchess.com"]
[Source "ChessBase"]
[SourceQuality "1"]

{[%evp 14,75,34,12,41,27,56,4,0,-5,-15,-10,9,-13,15,14,16,-24,-22,-26,0,-25,-17,-52,-29,-74,-51,-89,-51,-53,-37,-228,-214,-221,-221,-222,-214,-236,-101,-116,-108,-118,-127,-127,-101,-330,-322,-322,-325,-325,-325,-932,-358,-363,-348,-811,1866,1792,29995,29996,29996,29997,29997,539]} 1. d4 Nf6 2. c4 e6 3. Nf3 Bb4+ 4. Nc3 d5 5. cxd5 exd5 6. Bg5 {[%cal Bc1g5,Bg5h4,Bh4g3][%mdl 32]} c6 7. e3 h6 {D38: Queen's Gambit Declined: Ragozin Defence (4 Nf3 Bb4)} 8. Bh4 {LiveBook: 8 Games} g5 (8... Nbd7 9. Bd3 O-O 10. O-O Re8 11. Qc2 b6 12. Qa4 Bxc3 13. Qxc6 Bxb2 14. Rab1 Rb8 15. Rxb2 Bb7 16. Qd6 Rc8 17. a4 g5 18. Bg3 Re6 19. Qb4 {1-0 (29) Riazantsev,A (2646)-Zhang,Z (2619) Berlin 2015}) 9. Bg3 Ne4 {White has an edge.} 10. Rc1 (10. Qb3 $14 Qe7 11. Bd3) 10... Nd7 11. Nd2 Nxg3 $146 ({Predecessor:} 11... Ndf6 12. Ndxe4 Nxe4 13. Bd3 Be6 14. f3 Nxg3 15. hxg3 Qe7 {½-½ (50) Pachman,L (2510)-Kurajica,B (2525) Hamburg 1980}) 12. hxg3 Nf6 13. Bd3 Be6 14. a3 Bd6 15. Na4 Qe7 16. Nc5 Bg4 17. Be2 Bf5 18. g4 Bg6 19. b4 Kf8 20. Ndb3 Kg7 21. Na5 Rab8 22. Naxb7 $2 (22. Kf1 $15) 22... Rxb7 $19 23. Nxb7 Qxb7 24. Qa4 {[#]} a5 $1 {[%mdl 512]} 25. Qxc6 (25. Qxa5 Ra8) 25... Qe7 (25... Qb8 $19 26. bxa5 Bxa3) 26. bxa5 $17 Bxa3 27. O-O {Threatens to win with Qc7.} Bxc1 28. Rxc1 Qa3 29. a6 $2 (29. Qc3 $17 {was the only chance.} Qa2 30. Qe1) 29... Qa2 $19 30. Qb5 Ne4 31. a7 {intending Qa6.} Ra8 (31... Qxa7 $2 32. Qxd5 Re8 33. Bf3 $17) 32. Qb8 $2 (32. Qa6 Rxa7 33. Qxa2 Rxa2 34. Kf1) 32... Rxa7 $2 ({Less strong is} 32... Rxb8 33. axb8=Q Qxe2 34. Qe5+ Kh7 35. Rf1 $17) (32... Qxe2 33. Rf1 Nd2) 33. Rc8 {[#] White threatens Rg8+ and mate.} Nf6 $1 ({Worse is} 33... Qxe2 34. Rg8+ Kh7 35. Rh8+ Kg7 36. Rg8+ Kh7 37. Rh8+ Kg7 38. Rg8+ $11) 34. Qd6 $2 (34. Rh8 Qb1+ 35. Qxb1 Bxb1 36. Rc8) 34... Qa3 $4 {[%mdl 8192]} (34... Nd7 $19 35. Ba6 Qxa6 36. Qxa6 Rxa6) 35. Qd8 $18 {[%csl Gc8][%cal Rd8h8]} Ng8 36. Qxg8+ {White mates.} Kf6 37. Qh8+ Ke6 38. Qe5+ {Precision: White = 32%, Black = 48%.} 1-0

[Event "EICC 2017"]
[Site "Minsk"]
[Date "2017.06.10"]
[Round "11"]
[White "Prohaszka, Peter"]
[Black "Kantans, Toms"]
[Result "*"]
[WhiteElo "2596"]
[BlackElo "2473"]
[Annotator "TA"]
[PlyCount "40"]
[EventDate "2017.??.??"]
[EventCountry "BLR"]
[SourceTitle "playchess.com"]
[Source "ChessBase"]
[SourceQuality "1"]

{[%evp 23,24,-8,-10]} 1. d4 Nf6 2. Nf3 g6 3. Bf4 Bg7 4. c3 O-O 5. Nbd2 d6 6. h3 b6 7. e3 Bb7 8. Be2 Nbd7 9. O-O e6 10. a4 a5 11. Bh2 Qe7 12. Nc4 Ne4 {Predecessor:} 13. Nfd2 $146 Nxd2 14. Nxd2 f5 15. Bf3 Bxf3 16. Qxf3 g5 17. e4 f4 18. Qe2 c5 19. Qd3 h5 20. f3 Qf6 {½-½ (72) Cacho Reigadas,S (2511)-Morozevich,A (2731) Bilbao 2014} *

[Event "EICC 2017"]
[Site "Minsk"]
[Date "2017.06.10"]
[Round "11"]
[White "Prohaszka, Peter"]
[Black "Kantans, Toms"]
[Result "1/2-1/2"]
[WhiteElo "2596"]
[BlackElo "2473"]
[Annotator "TA"]
[PlyCount "51"]
[EventDate "2017.??.??"]
[EventCountry "BLR"]
[SourceTitle "playchess.com"]
[Source "ChessBase"]
[SourceQuality "1"]

{[%evp 23,51,-6,-8,-8,-11,-25,0,0,0,0,6,0,23,5,3,6,14,6,9,13,16,0,22,0,0,-32,0,-38,-29,-39]} 1. d4 Nf6 2. Nf3 g6 3. Bf4 Bg7 4. c3 O-O 5. Nbd2 d6 6. h3 b6 7. e3 Bb7 8. Be2 Nbd7 9. O-O e6 10. a4 a5 11. Bh2 Qe7 12. Nc4 Ne4 13. Nfd2 {A48: 1 d4 Nf6 2 Nf3 g6: Torre, London and Colle Systems} Nxd2 14. Nxd2 f5 15. Bf3 {The position is equal.} Bxf3 16. Qxf3 Nf6 (16... g5 17. e4 f4 18. Qe2 c5 19. Qd3 h5 20. f3 Qf6 {½-½ (72) Cacho Reigadas,S (2511)-Morozevich,A (2731) Bilbao 2014}) 17. Qc6 $146 ({Predecessor:} 17. Qe2 Qd7 18. Bf4 Rae8 19. Rfd1 Ne4 20. Nxe4 fxe4 {½-½ (36) Arab,A (2439)-Haddouche,M (2492) Cairo 2015}) 17... Nd5 (17... Qd7 $5 {[%cal Rd7c6]} 18. Qb5 Qf7 $11) 18. Rae1 Bh6 19. Re2 Qe8 20. Qc4 Qf7 21. Nf3 Rae8 22. Rfe1 Nf6 23. Bf4 Bg7 24. b4 Ne4 {[#] Strongly threatening ...e5.} 25. Ng5 Nxg5 $1 26. Bxg5 {Precision: White = 48%, Black = 56%.} 1/2-1/2

[Event "EICC 2017"]
[Site "Minsk"]
[Date "2017.06.10"]
[Round "11"]
[White "Can, Emre"]
[Black "Sychev, Klementy"]
[Result "*"]
[WhiteElo "2589"]
[BlackElo "2459"]
[Annotator "TA"]
[PlyCount "31"]
[EventDate "2017.??.??"]
[EventCountry "BLR"]
[SourceTitle "playchess.com"]
[Source "ChessBase"]
[SourceQuality "1"]

{[%evp 20,31,0,0,4,2,4,3,1,7,0,1,0,0]} 1. Nf3 d5 2. d4 Nf6 3. c4 e6 4. g3 Be7 5. Bg2 O-O 6. O-O dxc4 7. Qa4 a6 8. Qxc4 b5 9. Qc2 Bb7 10. Bd2 Be4 11. Qc1 {The position is equal.} c6 {E05: Open Catalan: 5 Nf3 Be7} 12. Rd1 Nbd7 13. Nc3 Bg6 14. Ne5 Nxe5 15. dxe5 Nd5 {[#]} 16. e4 $146 ({Predecessor:} 16. Be3 Rc8 17. a4 Qc7 18. axb5 Nxe3 19. Qxe3 cxb5 20. Rxa6 {1-0 (54) Dominguez Perez,L (2720)-Kryvoruchko,Y (2693) Monzon 2016}) *

[Event "EICC 2017"]
[Site "Minsk"]
[Date "2017.06.10"]
[Round "11"]
[White "Potkin, Vladimir"]
[Black "Usmanov, Vasily"]
[Result "1-0"]
[WhiteElo "2588"]
[BlackElo "2443"]
[Annotator "TA"]
[PlyCount "33"]
[EventDate "2017.??.??"]
[EventCountry "BLR"]
[SourceTitle "playchess.com"]
[Source "ChessBase"]
[SourceQuality "1"]

{[%evp 10,33,15,11,32,32,32,15,22,0,0,-2,72,72,72,74,78,62,68,73,71,64,59,42,469,470]} 1. d4 Nf6 2. c4 e6 3. Nf3 Bb4+ 4. Nbd2 O-O 5. a3 Be7 6. e4 d6 {E11: Bogo-Indian} (6... d5 $5 {[%cal Rd5e4]}) 7. Be2 Nfd7 (7... Nbd7 8. O-O e5 9. b4 exd4 10. Nxd4 Re8 11. f3 a5 12. N2b3 axb4 13. axb4 Rxa1 14. Nxa1 {½-½ (59) Rodshtein,M (2698)-Bachmann,A (2646) Chartres 2017}) 8. Nb1 $146 ({Predecessor:} 8. b4 e5 9. d5 a5 10. Bb2 c5 11. dxc6 Nxc6 12. Bc3 Nf6 13. O-O b6 14. Qc2 Bb7 15. Rad1 Qc7 16. Rfe1 Nd8 17. Bf1 Ne6 18. Qb2 {½-½ (18) Rezan,S (2443)-Dizdarevic,E (2455) Sibenik 2016}) 8... e5 {The position is equal.} 9. d5 Nc5 10. Nc3 a5 (10... f5 $11) 11. Be3 $16 Bg4 {[%cal Bc8g4,Bg4f3,Bf3g2,Bg2h3][%mdl 32]} 12. Bxc5 {[#] Strongly threatening Be3.} Bxf3 13. Bxd6 ({Much weaker is} 13. gxf3 $6 dxc5 14. Bf1 Ra6 $15) 13... Bxg2 14. Bxe7 Qxe7 15. Rg1 Bh3 $1 16. Qd2 {[#] aiming for Qh6.} Na6 $2 {[%mdl 8192]} (16... Bd7 $14) 17. Qh6 $1 1-0

[Event "EICC 2017"]
[Site "Minsk"]
[Date "2017.06.10"]
[Round "11"]
[White "Indjic, Aleksandar"]
[Black "Rakhmanov, Aleksandr"]
[Result "1/2-1/2"]
[WhiteElo "2587"]
[BlackElo "2676"]
[Annotator "TA"]
[PlyCount "165"]
[EventDate "2017.??.??"]
[EventCountry "BLR"]
[SourceTitle "playchess.com"]
[Source "ChessBase"]
[SourceQuality "1"]

{[%evp 9,165,17,31,30,20,15,25,25,28,31,31,7,39,28,22,25,31,15,39,39,43,40,36,35,37,24,34,23,38,15,14,0,0,-8,0,0,0,0,0,0,0,0,0,0,27,7,13,6,8,0,0,0,23,0,0,0,0,0,0,0,0,0,0,0,0,0,0,0,8,7,18,13,13,0,0,0,0,0,6,-2,0,-3,0,0,0,0,0,0,37,37,37,37,31,31,31,31,35,31,31,31,75,20,41,40,39,39,39,11,11,11,11,11,11,11,11,11,31,31,31,31,31,31,31,11,31,11,13,12,31,0,0,0,31,11,37,0,0,0,0,0,0,0,0,0,0,0,0,0,58,0,0,0,0,-44,0,0,0,-52]} 1. d4 Nf6 2. c4 d6 3. Nf3 g6 4. Nc3 Bf5 5. h3 Ne4 6. Nxe4 {E61: King's Indian: Early deviations for White, including Smyslov System} Bxe4 7. Ng5 Bf5 8. e4 {White has an edge.} Bd7 9. Be3 (9. Qf3 $2 f6 $17) 9... Bg7 10. Qd2 Na6 11. Be2 c5 12. Nf3 $146 ({Predecessor:} 12. O-O cxd4 13. Bxd4 Bxd4 14. Qxd4 {½-½ (23) Sokolov,I (2659)-Dizdarevic,E (2501) Sarajevo 2001}) 12... O-O 13. Rd1 cxd4 14. Nxd4 Nc5 15. f3 a5 16. b3 Qb6 17. O-O Qb4 18. Qc1 Rfc8 19. Nc2 Qc3 20. Bd4 (20. Bd2 $5 {[%cal Rd2c3]} Qe5 21. Be3 $11) 20... Bxd4+ 21. Nxd4 Qxc1 22. Rxc1 Kf8 23. Kf2 e5 24. Nc2 Ke7 25. Ne3 {Black must now prevent Nd5+.} Bc6 26. Rfd1 Ra6 27. Rb1 Ra7 28. h4 h5 29. Rb2 Ne6 30. Rbd2 Rd8 31. Rc1 b6 32. Bd3 Rf8 33. Rcd1 Rd7 34. Bb1 Nd4 35. Rd3 Bb7 36. R3d2 Rc8 37. Nc2 Ne6 38. Ne3 Rc5 39. Bd3 Rd8 40. Rb1 Nf8 41. a3 Ne6 42. b4 Rc7 43. Bf1 Ra8 44. Rbb2 Nd4 45. Nc2 Ne6 46. Ne3 Bc6 47. c5 bxc5 48. bxa5 Nd4 49. a6 f5 50. Bd3 f4 51. Nc4 Rca7 52. Nb6 Rxa6 53. Bxa6 Rxa6 54. a4 Ke6 55. Rd1 ({Better is} 55. Rd3 $16) 55... Bxa4 56. Ra1 Bb5 57. Rxa6 Bxa6 $14 {[%mdl 4096] Endgame KRN-KBN} 58. Nd5 Bc4 59. Nc3 Bb3 60. Rb1 Kf6 61. Ra1 Bc4 62. Ra4 Bb3 63. Ra6 {[%mdl 1024] White has compensation.} Ke6 64. Rb6 Ke7 65. Rb7+ Ke6 66. Ke1 Kf6 67. Kf1 Bc4+ 68. Kf2 Bb3 69. Nb1 Bc4 70. Nc3 Bb3 71. Ke1 Ke6 72. Nd1 Bc4 73. Nf2 Nc2+ 74. Kd2 Ne3 75. Nh3 d5 76. Ng5+ Kd6 77. Nf7+ Ke6 78. Ng5+ ({White should try} 78. Nd8+ $11 Kd6 79. Rg7) 78... Kd6 79. Rg7 ({White should play} 79. Rb6+ $1 $14 Ke7 80. Rxg6) 79... d4 $11 80. Rxg6+ Kd7 81. Rg7+ Kd6 82. Rg6+ Kd7 83. Rg7+ {Precision: White = 58%, Black = 62%.} (83. Rh6 $11) 1/2-1/2

[Event "EICC 2017"]
[Site "Minsk"]
[Date "2017.06.10"]
[Round "11"]
[White "Alekseenko, Kirill"]
[Black "Gasanov, Eldar"]
[Result "1/2-1/2"]
[WhiteElo "2585"]
[BlackElo "2482"]
[Annotator "TA"]
[PlyCount "164"]
[EventDate "2017.??.??"]
[EventCountry "BLR"]
[SourceTitle "playchess.com"]
[Source "ChessBase"]
[SourceQuality "1"]

{[%evp 34,164,0,-10,0,0,0,-43,-20,-16,0,-8,0,0,0,-31,17,-14,-16,-8,-9,-60,-55,-75,-61,-84,-80,-200,-208,-271,-303,-256,-302,-288,-272,-286,-284,-279,-278,-275,-229,-257,-42,-25,-25,-17,-12,-12,25,23,23,22,19,21,49,14,15,11,13,13,25,0,0,0,0,0,0,0,10,10,16,0,18,0,32,0,0,0,0,0,0,0,0,0,0,0,0,0,0,0,0,0,0,0,0,0,0,0,0,0,0,0,0,0,0,0,0,0,0,0,0,0,0,0,0,0,0,0,0,0,0,0,0,0,0,0,0,0,0,0,0,0,0]} 1. e4 e5 2. Nf3 Nc6 3. Bb5 a6 4. Ba4 Nf6 5. O-O Be7 6. Re1 b5 7. Bb3 d6 8. c3 O-O 9. d4 {[%cal Bd2d4,Bd4d5][%mdl 32]} Bg4 10. d5 Na5 11. Bc2 c6 12. h3 Bc8 13. dxc6 Qc7 14. Nbd2 {[%cal Bb1d2,Bd2f1,Bf1g3,Bg3f5][%mdl 32]} Qxc6 15. Nf1 Nc4 16. Ng3 Be6 {C91: Closed Ruy Lopez: 7...d6 8 c3 0-0 9 d4} 17. Ng5 Bd7 18. a4 {[#] LiveBook: 11 Games} Qc7 $146 ({Predecessor:} 18... Rad8 19. Qd3 g6 20. Rd1 Kg7 21. b3 Nb6 22. a5 Na8 23. f4 Nc7 24. Nf3 {½-½ (68) Socko,B (2628)-Stern,R (2506) Germany 2011}) 19. Qe2 Rfc8 20. Nf5 Bf8 (20... Bxf5 $5 21. exf5 b4 $11) 21. Nf3 h6 (21... b4 $5) 22. Nh2 Be6 23. Qf3 Qd8 24. Bd3 Kh8 25. Rd1 Rab8 26. axb5 axb5 27. b4 (27. Be2 $11) 27... d5 $15 28. Ng3 Nd6 29. exd5 Nxd5 30. Re1 (30. Bd2 $17) 30... Rxc3 $19 31. Bb2 Rb3 32. Bxe5 Nxb4 33. Re3 Rxd3 34. Rxd3 Nxd3 35. Qxd3 Nc4 36. Bd4 b4 37. Rb1 b3 $2 (37... Qd5 $19 {Threatens to win with ...Rd8.} 38. Nf3 Kg8) 38. Rxb3 $15 Rc8 39. Ng4 Qg5 40. Rc3 Qd2 (40... Nb2 {is more complex.} 41. Qc2 Rxc3 42. Qxc3 Nc4 43. Ne3 Qa5) 41. Qxd2 Nxd2 42. Rxc8 Bxc8 43. Nxh6 Bxh3 44. gxh3 (44. Nxf7+ {looks sharper.} Kg8 45. Ne5 Be6 46. f3 Nb3 47. Bc3) 44... Nf3+ 45. Kg2 Nxd4 46. Nxf7+ $11 {[%mdl 4096] Endgame KBN-KNN} Kh7 47. h4 Be7 48. Kh3 g6 49. Kg4 Kg7 50. Ng5 Bf6 51. N3e4 Be7 52. Ng3 Bf6 53. Kf4 (53. N5e4 {is interesting.} Bd8 54. Nc5 Kh6 55. Nd3 Nf5 56. Ne5) 53... Kg8 54. Ke4 (54. N3e4 {with more complications.} Be7 55. Nc3 Nf5 56. h5 Bd6+ 57. Ke4) 54... Bxg5 {The position is equal.} 55. hxg5 {KN-KN} Ne6 56. f4 Kf7 57. Ne2 Ng7 58. Ke5 Nh5 59. Kd6 Ng7 60. Nd4 Nh5 61. Ne6 Ng3 62. Nd8+ Ke8 63. Nb7 Nh5 64. Ke5 (64. f5 $5) 64... Kf7 65. Nd6+ Ke7 66. Nc4 Kf7 67. Ke4 Ng3+ 68. Kf3 {[#] Black must now prevent Ne5+.} Nf5 69. Ke4 Ng3+ 70. Ke3 Nf5+ 71. Kf3 Kg7 72. Ne3 Nd6 73. Ke2 Kf7 74. Kd3 (74. f5 $5) 74... Ke6 75. Ke2 (75. f5+ $5 Nxf5 76. Nc4 $11) 75... Kf7 76. Ng4 Ke6 77. Ne5 (77. f5+ $5 Kxf5 78. Kf3 $11) 77... Kf5 78. Ke3 Ne4 79. Nf3 {[#] Intending Nd4+ and mate.} (79. Nf7 $5 {[%cal Rf7h6]} Nc5 80. Kf3 $16) 79... Nc3 80. Nh4+ Kg4 81. Nxg6 Nd5+ 82. Ke4 Nxf4 {Precision: White = 44%, Black = 70%.} 1/2-1/2

[Event "EICC 2017"]
[Site "Minsk"]
[Date "2017.06.10"]
[Round "11"]
[White "Alekseenko, Kirill"]
[Black "Gasanov, Eldar"]
[Result "*"]
[WhiteElo "2585"]
[BlackElo "2482"]
[Annotator "TA"]
[PlyCount "47"]
[EventDate "2017.??.??"]
[EventCountry "BLR"]
[SourceTitle "playchess.com"]
[Source "ChessBase"]
[SourceQuality "1"]

{[%evp 34,35,0,-1]} 1. e4 e5 2. Nf3 Nc6 3. Bb5 {[%cal Bf1b5,Bb5a4,Ba4b3][%mdl 32]} a6 4. Ba4 Nf6 5. O-O Be7 6. Re1 b5 7. Bb3 d6 8. c3 O-O 9. d4 {[%cal Bd2d4,Bd4d5][%mdl 32]} Bg4 10. d5 Na5 11. Bc2 c6 12. h3 Bc8 13. dxc6 Qc7 14. Nbd2 Qxc6 15. Nf1 Nc4 16. Ng3 Be6 {C91: Closed Ruy Lopez: 7...d6 8 c3 0-0 9 d4} 17. Ng5 Bd7 18. a4 {[#] LiveBook: 11 Games} {Predecessor:} Rad8 $146 19. Qd3 g6 20. Rd1 Kg7 21. b3 Nb6 22. a5 Na8 23. f4 Nc7 24. Nf3 {½-½ (68) Socko,B (2628)-Stern,R (2506) Germany 2011} *